000
00230nam a22000857a 4500
008
160822b xxu||||| |||| 00| 0 eng d
100
_9
206
_a
Vijaya S.R
245
_a
General Knowledge Times-6
260
_a
New Delhi
_b
Goyal publishers
_c
2013
999
_c
2864
_d
2864